Регионална библиотека "Любен Каравелов" - Русе

Корпус деликти (Запис номер 165193)

MARC детайли
000 -Лидер
Контролно поле с фиксирана дължина 01461nam a2200361 c 4500
003 - Код на организацията, давaща контролен номер
Контролно поле BLK
005 - Дата и час на последна редакция
Контролно поле 20231208161601.0
008 - Елементи от данни с фиксирана дължина
fixed length control field 180410b bul|||||r ||||||| ||bul||
010 ## - Наследен системен номер
LC control number KNG00172779000
020 ## - Международен стандартен номер на книга ISBN
Международен стандартен номер на книга ISBN 978-954-9621-51-8
-- издат.: АТЛАНТИС-КЛ
040 ## - Източник на каталожния запис
Идентификатор на билиотеката - собственик на записа BLK
041 ## - Код за език
Код за езика на текст/звукозапис или на отделно заглавие Български
Код за езика КДБФ Български
072 #7 - Код за тематичната категория
Код организация bullib
Код за тематична категория Н83
Текст Чужда художествена литература Н
080 ## - УДК
Текстов определител УДК Немска литература
УДК код - определител по УДК 821.112.2
УДК определител -31
УДК - код + определител 821.112.2-31
100 1# - Редна дума - Автор
Автор Це, Юли
Авторска отговорност първи автор
R(LIN) 139781
139 ## - Редно поле
Редна дума Це, Юли
Авторски знак Цвит - Ц 41
245 10 - Сведения за заглавието
Заглавие Корпус деликти
Подзаглавни данни Един процес
Редно поле (дума) Юли Це; прев. от нем. Ива Николаева Иванова.
257 ## - Страна на издаване
Страна на създаване/издаване Германия
260 ## - Област на издателските данни
-- София
Име на издателя, разпространителя и проч. АТЛАНТИС-КЛ
Година на издаване 2010
Печатница София : Скала
300 ## - Физическа характеристика
Страници 184 с.
Размери/Мащаб 20 см
380 ## - Жанр
Жанр Худож. лит.
490 1# - СЕРИИ (Колекции)
Име на серия Вълшебната планина : Съвременна проза от Германия, Австрия и Швейцария
500 ## - Общи забележки
Забележка Ориг. загл. Corpus Delicti / Juli Zeh.
653 ## - Ключова дума – ненормативна
Ключова дума романи
659 ## - Тематичен бюлетин
Тематичен бюлетин Н
700 1# - Други автори (авторска отговорност)
Лично име Иванова, Ива Николаева
Автороска отговорност (Описва отношението между автора и произведението) прев. от нем.
9 (RLIN) 380148
852 ## - Местоположение
Форматна сигнатура Цб 273223
856 4# - Електронен адрес и достъп
Електронен формат pdf - файл
Път до файла /url/
856 4# - Електронен адрес и достъп
Електронен формат pdf - файл
Път до файла /url/
942 ## - АРТИКУЛИ
Вид на библиотечния материал Книги
Скрит в OPAC Не
Koha issues (borrowed), all copies 4
944 ## - СЪЗДАВАНЕ И РЕДАКЦИЯ на ЗАПИСА
Създаване/Редакция Създаване
Дата на регистрацията/редакция 10.03.2015
Статус, дата на статуса Цветелина Шанова
Служител, извършил регистрацията/редакцията 30531
944 ## - СЪЗДАВАНЕ И РЕДАКЦИЯ на ЗАПИСА
Създаване/Редакция Редакция
Дата на регистрацията/редакция 16.06.2016
Статус, дата на статуса ф /
Служител, извършил регистрацията/редакцията Людмила_Стоянова
999 ## - СИСТЕМНИ КОНТРОЛНИ НОМЕРА
Koha biblionumber 165193
Koha biblioitemnumber 165193
Наличности
Код за отписване Код за изгубен артикул Код за повреда Коз за рестрикции Код за отдаване Артикулен № Име на библиотеката - собственик Име на библиотеката, в която се намира в момента Статус (Текущо местоположение) Дата на вписване в системата Местоположение - отдел Цена в лева Инвентарен номер Систематично азбучна сигнатура Баркод Номер на екземпляра Цена в евро Служебна бележка Служебен тип на артикула
  Не е изгубен Не е повреден без рестрикции ползва се в читалня 278438 Регионална библиотека "Любен Каравелов" Русе Регионална библиотека "Любен Каравелов" Русе Хранилище 2015-03-11 Хранилище 9.90 120000786319 Цб 273223 120000786319 1 5.06 Дост: Dp Вид: Д N: 31 Дата: 09.07.2014 Книги
  Не е изгубен Не е повреден без рестрикции заемане за дома 278439 Регионална библиотека "Любен Каравелов" Русе Регионална библиотека "Любен Каравелов" Русе Заемна - подръчен фонд 2016-06-04 Заемна - подръчен фонд 5.00 120000800726 П 830-31/Ц 41 120000800726 2 2.56 Дост: Pk Вид: Ф N: 463 Дата: 03.06.2016 Книги
Vip Innovations Ltd, Rousse, Bulgaria 2025